000 00275 a2200097 4500
001 41046
100 _aCitron J
245 _aComputing without Programming: A Guide to Software Packages on the BBc Microcomputer
260 _aLondon
_bChapman & Hall
_c
090 _c25277
_d25277
942 _aNUST-CAE
_cM
_c16977
999 _c276119
_d276119